000 00430nam a2200145Ia 4500
008 220216s9999 xx 000 0 und d
100 _aBaker C S L
245 0 _aRecent developments in natural rubber for tyres
260 _bProceedings of the International Rubber Technology Conference, Malaysia 1988; p467-491
650 _aNatural rubber
650 _aTyres
700 _aGellingI R
700 _aWallace I R
942 _cJS
999 _c66441
_d66441